| 000 | 008090000a22002050004500 | ||
|---|---|---|---|
| 003 | LK-CoMWRAF | ||
| 005 | 20240701111232.0 | ||
| 008 | 230817t ||||| |||| 00| 0 eng d | ||
| 040 |
_aLK-CoMWRAF _dLK-CoMWRAF _eLK-CoMWRAF |
||
| 041 | _aeng | ||
| 041 | _aara | ||
| 082 |
_a361.7 _bMUS |
||
| 245 | _aMuslim Development Fund- Sri Lanka | ||
| 260 |
_a[Colombo]: _bMuslim Development Fund, _cn.d. |
||
| 300 | _aunnumbered pg. | ||
| 505 | _aHistory of the Muslims-Sri Lanka, Role of Muslims in constitutional changes during colonial era, Development in Islam in SL, SL and Israel, Economic problems of Muslims, Economic history and position of the Muslims, Muslim education in SL, SL Malayas | ||
| 650 | _aNON-POLITICAL ORGANIZATIONS-Muslims-Sri Lanka | ||
| 650 | _aWelfare,Muslims-Sri Lanka | ||
| 942 | _cBK | ||
| 999 |
_c1733 _d1733 |
||